000 00539nam a22001937a 4500
003 OSt
005 20160719170833.0
008 160719b xxu||||| |||| 00| 0 eng d
020 _a0443100217
040 _cDNLM.
082 _aWB555F821E 2002.
245 _aFoundations for Practice in Occupational Therapy.
250 _a4th ed.
260 _aLondon.
_bElsevier Churchill.
_c2002.
300 _axvi,348p;
_bcol,ill;
_c25cm
504 _areferences and Index are included.
650 _aOccupational therapy.
_92299
942 _2z
_cO_SHELF
999 _c4787
_d4787